Statistics for Scary Movie Pictograms

Click here to take the quiz!

General Stats

  • This quiz has been taken 241 times
  • The average score is 5 of 10

Answer Stats

HintAnswer% Correct
2004
"Saw"
93%
2002
"The Ring" or "Ringu"
90%
1984 or 2009
"Children of the Corn"
59%
1977 or 2006
"The Hills Have Eyes"
56%
2006
"Silent Hill"
40%
2008
"Cloverfield"
34%
2012
"V/H/S"
26%
1976 or 2006
"Omen"
25%
1996
"From Dusk 'Til Dawn"
24%
2005
"The Devil's Rejects"
4%

Score Distribution

Percentile by Number Answered

Percent of People with Each Score

Your Score History

You have not taken this quiz